| 000 | 01692 a2200277 4500 | ||
|---|---|---|---|
| 999 |
_c354248 _d354248 |
||
| 003 | NUST | ||
| 005 | 20180118143745.0 | ||
| 008 | 180118b xxu||||| |||| 00| 0 eng d | ||
| 020 | _a 0070593965 | ||
| 040 | _a0 | ||
| 082 | _a 301 | ||
| 100 |
_aHorton, Paul B. _91198 |
||
| 245 |
_aSociology _cPaul B.Horton |
||
| 250 | _a6th ed | ||
| 260 |
_aNew Delhi: _bTata McGraw-Hill Publishing Co. Ltd., _c2007. |
||
| 300 |
_axix, 635 p. _b: ill. _c; 24 cm. |
||
| 500 | _aIncludes bibliographical references and index | ||
| 650 |
_a Sociology. _9367 |
||
| 700 |
_aChester L.Hunt, _98821 |
||
| 942 |
_cBK _k 301 HOR _2ddc |
||